| 000 | 01544nam a2200337 i 4500 | ||
|---|---|---|---|
| 001 | 000048212 | ||
| 003 | DO-SdBNP | ||
| 005 | 20260305073952.0 | ||
| 007 | ta | ||
| 008 | 181206s2014 dr ao 000 0 spa d | ||
| 020 | _a9789945887976 | ||
| 040 |
_aDO-SdBNP _bspa _cBNPHU _erda |
||
| 041 | _aspa | ||
| 082 | 4 |
_a303.44 _bM938g _222 |
|
| 100 | 1 |
_aMoya Pons, Frank, _d1944- _eautor _4aut. _92095 |
|
| 245 | 1 | 3 |
_aEl gran cambio : _bla transformación social y económica de la República Dominicana,1963-2013 / _cFrank Moya Pons ; edición fotográfica, Jesús Rodríguez. |
| 264 | 1 |
_aSanto Domingo : _bBanco Popular, _c2014. |
|
| 300 |
_a370 páginas : _bilustraciones ; _c29 cm. |
||
| 336 |
_atexto _btxt _2rdacontent |
||
| 337 |
_asin mediación _bn _2rdamedia |
||
| 338 |
_avolumen _bnc _2rdacarrier |
||
| 505 | 0 |
_aPresentación -- _tRaíces del cambio -- _tEl crecimiento económico -- _tLa evolución demográfica -- _tEl proceso de urbanización -- _tLos caminos y las comunicaciones -- _tLa nueva sociedad -- _tEl gran cambio -- _tLas raíces del cambio : una revolución ignorada. |
|
| 546 | _aTexto en español, inglés y francés. | ||
| 590 | _aInventarido, 2019/VM | ||
| 650 | 7 |
_aCambio social _zRepública Dominicana _xHistoria _2LEMB _987458 |
|
| 651 | 7 |
_aRepública Dominicana _xCondiciones sociales _y1961- _97345 _2LEMB |
|
| 651 | 7 |
_a República Dominicana _xCondiciones económicas _y1961- _97344 _2LEMB |
|
| 700 | 1 |
_aRodríguez, Jesús, _efotografías _4fot. _961577 |
|
| 910 | _a/Validado. Control de calidad MFF | ||
| 942 |
_2ddc _cLBS1 |
||
| 999 |
_c47700 _d47700 |
||